Inclusión de niños con trastorno por déficit de atención por hiperactividad (TDAH) en los centros educativos de Panamá /
Đã lưu trong:
| Tác giả chính: | |
|---|---|
| Định dạng: | Texto |
| Các nhãn: |
Thêm thẻ
Không có thẻ, Là người đầu tiên thẻ bản ghi này!
|
MARC
| LEADER | 00000 a a2200000 04500 | ||
|---|---|---|---|
| 001 | 47602 | ||
| 003 | |||
| 040 | |||
| 100 | |a Díaz, Tomás A. | ||
| 245 | |a Inclusión de niños con trastorno por déficit de atención por hiperactividad (TDAH) en los centros educativos de Panamá / |c Tomás A. Díaz | ||
| 773 | |a número517, (2014), páginas 70-83 | ||
| 999 | |c 22628 |d 22628 | ||
